000 00665cam a22002531 4500
001 6601256
003 OSt
005 20180116183024.0
008 751121s1966 enk 000 0 eng
010 _a 66070315
035 _a(OCoLC)1847232
040 _aDLC
_cF
_dDLC
042 _apremarc
050 0 0 _aPT2662.O2
_bA25
082 _a813.54 STR 1980
100 1 _aPeter Straub
_d1917-1965.
245 1 0 _aShadow land:
_cPeter Straub
260 _aGreat Britain
_bFontana / Collins
_c1980
300 _a445 p.
_c22cm.
440 _aShadow land
490 0 _aPoetry Europe series
906 _a7
_bcbc
_coclcrpl
_du
_encip
_f19
_gy-gencatlg
942 _2ddc
_cBK
999 _c350701
_d350701